00768nam a22002057a 450000500170000001000150001702000270003203500140005903700130007308200160008624501080010226000400021027000470025030000310029750000200032870000210034894200300036999900190039995201440041820170824111144.0 aENG-120012 a9788184845747c1480.00 aEN-103544 bDBAD/PUB a370.1150954 aHuman resources development and higher education :bquality and management /cedited by Prankrishna Pal aNew DelhibRegal Publicationsc2016 aF-159, Rajouri Garden, bNew Delhie110027 aix,340p. :bill.c23cm(Hb) a Includes index aPal, Prankrishna 2ddccENh370.1150954mHUM c143734d143734 001040718NFICaDBADbDBADd2017-08-24eDBAD/PUBg1480.00l0o370.1150954 HUMpEN-103544r2017-08-24 00:00:00t1v1480.00w2017-08-24yEN